Movies Quiz

Random Movies or Actor Quiz

Devil Movies Quiz Stats

 Plays Quiz not verified by Sporcle

Challenge
Share
Tweet
Embed
Score 0/8 Timer 05:00
0 Plays Today
Actor Movie % Correct
Meryl StreepThe Devil Wears Prada
77.9%
Al PacinoThe Devil's Advocate
76.6%
Denzel WashingtonDevil In A Blue Dress
33.8%
Brad PittThe Devil's Own
31.5%
Bill MoseleyThe Devil's Rejects
20.3%
Ethan HawkeBefore the Devil Knows You're Dead
14.9%
Eduardo NoriegaThe Devil's Backbone
10.4%
Skeet UlrichRide With The Devil
9%

You're not logged in!

Compare scores with friends on all Sporcle quizzes.
Join for Free
OR
Log In

You Might Also Like...

Show Comments

Extras

Created Dec 21, 2009ReportNominate
Tags:Actor Quiz, devil

Top Quizzes Today


Score Distribution

Your Account Isn't Verified!

In order to create a playlist on Sporcle, you need to verify the email address you used during registration. Go to your Sporcle Settings to finish the process.

Report this User

Report this user for behavior that violates our Community Guidelines.

Details: